000 00782nam a2200265Ia 4500
003 OSt
005 20220926015033.0
006 a|||||r|||| 00| 0
007 ta
008 220923b |||||||| |||| 00| 0 eng d
037 _cGeneral Book
040 _aRTL
_cRTL
_beng
041 _2eng
_aeng
082 _aXM5:8:(Z73), K0;K2
100 _aBock Betty
_9151837
245 0 _aMergers and markets
_b A guide to economic analysis
250 _a2
260 _aNew York
_bNICB
_c1962
300 _a211p
_ccm.
490 _aNational Industrial Conference Board, Studies in Business Economics. 77
500 _aApendix: p 196-207
650 _aJoint Stock Company
942 _hXM5:8:(Z73), K0;K2
_cGB
_2CC
999 _c630454
_d630454